000 00749nam a22002417a 4500
001 55708
003 UA-OsUOA
005 20211115122708.0
007 ta
008 20080918b un ||||| |||| 00| 0 ukr d
020 _a9668246241
040 _aUA-OsUOA
_bukr
_cUA-OsUOA
_dUA-OsUOA
041 _aukr
080 _a331.45:34(094)
090 _a331.45:34(094)
_bО-92
245 _aОхорона праці: збірник актів acquis communautaire
_bпорівняльний аналіз
260 _aК.
_c2006
300 _a718 с.
505 _gТ. 2
650 7 _a331 Праця. Працевлаштування. Робота. Економіка праці. Організація праці
_2UDC
942 _cBK
_2udc
955 _a1
999 _c341780
_d341780